000
00289nam a22001337a 4500
020
_a
9780123847058
082
_a
551.49
_b
RIT/GR
100
_a
Fitts,Charles R.
_9
610
245
_a
Groundwater Science
250
_a
2
260
_a
New Delhi
_b
Elsevier
_c
2013
300
_a
672
942
_c
BK
999
_c
14380
_d
14380